Basic mechanical engineering : (Record no. 31112)

MARC details
000 -LEADER
fixed length control field 00932nam a22002777a 4500
005 - DATE AND TIME OF LATEST TRANSACTION
control field 20091028145321.0
008 - FIXED-LENGTH DATA ELEMENTS--GENERAL INFORMATION
fixed length control field 091028t xxu||||| |||| 00| 0 eng d
010 ## - LCCN (DPL NO)
LC control number ENG-95241
020 ## - INTERNATIONAL STANDARD BOOK NUMBER
International Standard Book Number 9780070677814
Terms of availability 190.00
020 ## - INTERNATIONAL STANDARD BOOK NUMBER
International Standard Book Number 0070677814
Terms of availability 190.00
035 ## - SYSTEM CONTROL NUMBER
System control number EN-78774
037 ## - SOURCE OF ACQUISITION
Source of stock number/acquisition DBAD/PUB
040 ## - CATALOGING SOURCE
Original cataloging agency DPL
082 ## - DEWEY DECIMAL CLASSIFICATION NUMBER
Classification number 621
100 ## - MAIN ENTRY--PERSONAL NAME
Personal name Nag, P.K.
245 ## - TITLE STATEMENT
Title Basic mechanical engineering :
Statement of responsibility, etc by P.K.Nag, Kartikeya Tripathi and C.B. Pawar
Remainder of title BE 204
250 ## - EDITION STATEMENT
Edition statement 2nd ed.
260 ## - PUBLICATION, DISTRIBUTION, ETC. (IMPRINT)
Place of publication, distribution, etc New Delhi
Name of publisher, distributor, etc Tata McGraw-Hill Education
Date of publication, distribution, etc 2009
270 ## - ADDRESS
Address 7, West Patel Nagar
City New Delhi
Postal code 110008
300 ## - PHYSICAL DESCRIPTION
Extent Various pagings
Dimensions 22 cm.(Pbk).)
500 ## - GENERAL NOTE
General note Includes index
700 ## - ADDED ENTRY--PERSONAL NAME
Personal name Tripathi, Kartikeya.
700 ## - ADDED ENTRY--PERSONAL NAME
Personal name Pawar, C.B.
942 ## - ADDED ENTRY ELEMENTS (KOHA)
Source of classification or shelving scheme Dewey Decimal Classification
Item type English Books
Call number suffix NAG
Classification part 621
Holdings
Withdrawn status Lost status Source of classification or shelving scheme Damaged status Not for loan Collection code Home library Current library Date acquired Source of acquisition Cost, normal purchase price Total Checkouts Full call number Barcode Date last seen Copy number Cost, replacement price Koha item type
    Dewey Decimal Classification   Not For Loan Non-fiction D.B.Act.Division D.B.Act.Division 28/10/2009 DBAD / PUB 190.00   621 NAG EN-78774 28/10/2009 1 190.00 English Books

© Delhi Public Library
Hit Counter
free hit counter